[Event "Catalunya-chT Gp1"]
[Site "Barcelona"]
[Date "2018.02.24"]
[Round "6.9"]
[White "Gallart Zafra, Jaume"]
[Black "Avila Jimenez, Xavier"]
[Result "1-0"]
[WhiteElo "2163"]
[BlackElo "2204"]
[PlyCount "85"]
[EventDate "2018.01.20"]
[EventType "team-tourn"]
[EventRounds "7"]
[EventCountry "ESP"]
[SourceTitle "EXT 2019"]
[Source "ChessBase"]
[SourceDate "2018.10.10"]
[SourceVersion "1"]
[SourceVersionDate "2018.10.10"]
[SourceQuality "1"]
[WhiteTeam "Tres Peons"]
[BlackTeam "Barcelona Escola Escacs"]
[WhiteTeamCountry "ESP"]
[BlackTeamCountry "ESP"]

1. e4 c6 2. d3 d5 3. Nd2 e5 4. Ngf3 Bd6 5. g3 Be6 6. Bg2 Ne7 7. a4 0-0 8. 0-0 f6 9. Qe2 Qd7 10. Rd1 Na6 11. Nf1 d4 12. Ne1 Bb4 13. f4 Nc7 14. Nf3 Bg4 15. N1d2 exf4 16. gxf4 Ng6 17. Nb3 Bd6 18. f5 Nh4 19. Qf2 Nxg2 20. Qxg2 Bh5 21. Kh1 c5 22. Na5 Ne8 23. Rg1 Kh8 24. Nc4 Bc7 25. Nh4 Nd6 26. Nxd6 Bxd6 27. b3 b6 28. Qh3 g5 29. Nf3 Qe8 30. Qg2 Rg8 31. Bd2 Rc8 32. Rae1 Be5 33. Nxe5 Qxe5 34. Qh3 Be8 35. Qh6 Rc7 36. h4 Rc6 37. Rg4 Qe7 38. Reg1 Qf7 39. R4g3 Rg7 40. R1g2 Qh5 41. Qxh5 Bxh5 42. hxg5 fxg5 43. Bxg5 1-0

[Event "Catalunya-chT GpA final"]
[Site "Barcelona"]
[Date "2017.03.25"]
[Round "3.5"]
[White "Gallart Zafra, Jaume"]
[Black "Diaz Camallonga, Carles"]
[Result "0-1"]
[WhiteElo "2142"]
[BlackElo "2432"]
[PlyCount "70"]
[EventDate "2017.03.11"]
[EventType "team-tourn"]
[EventRounds "11"]
[EventCountry "ESP"]
[SourceTitle "CBM 177 Extra"]
[Source "ChessBase"]
[SourceDate "2017.04.27"]
[SourceVersion "1"]
[SourceVersionDate "2017.04.27"]
[SourceQuality "1"]
[WhiteTeam "Tres Peons"]
[BlackTeam "Colon Sabadell"]
[WhiteTeamCountry "ESP"]
[BlackTeamCountry "ESP"]

1. e4 e6 2. d4 d5 3. Nd2 a6 4. Ngf3 c5 5. dxc5 Bxc5 6. Bd3 Nc6 7. a3 Nge7 8. b4 Ba7 9. Bb2 0-0 10. h4 f5 11. exd5 Nxd5 12. 0-0 b5 13. h5 Nf6 14. h6 g6 15. Nb3 Qc7 16. c4 Bb7 17. cxb5 axb5 18. Qc2 Rac8 19. Nc5 Nd8 20. Qe2 Bxf3 21. Qxf3 Ng4 22. g3 Bxc5 23. bxc5 Nf7 24. Bxb5 Qxc5 25. Bd7 Ng5 26. Qb3 Qc4 27. Qxc4 Rxc4 28. Rac1 Re4 29. Rc7 Rb8 30. Ba1 Re2 31. Bc8 Nxf2 32. Ba6 Nfh3+ 33. Kh1 Ra2 34. Bd4 Ne4 35. Rg1 Nhf2+ 0-1

[Event "Catalunya-chT GpA final"]
[Site "Barcelona"]
[Date "2017.03.18"]
[Round "2.6"]
[White "Gallart Zafra, Jaume"]
[Black "Perez Manas, Benjamin"]
[Result "0-1"]
[WhiteElo "2142"]
[BlackElo "2283"]
[PlyCount "50"]
[EventDate "2017.03.11"]
[EventType "team-tourn"]
[EventRounds "11"]
[EventCountry "ESP"]
[SourceTitle "CBM 177 Extra"]
[Source "ChessBase"]
[SourceDate "2017.04.27"]
[SourceVersion "1"]
[SourceVersionDate "2017.04.27"]
[SourceQuality "1"]
[WhiteTeam "Tres Peons"]
[BlackTeam "Barbera"]
[WhiteTeamCountry "ESP"]
[BlackTeamCountry "ESP"]

1. f4 d5 2. Nf3 Nf6 3. d3 g6 4. g3 Bg7 5. Bg2 0-0 6. 0-0 c5 7. Nbd2 Nc6 8. e4 dxe4 9. dxe4 e5 10. c3 exf4 11. gxf4 Nh5 12. Nb3 Qc7 13. f5 Ne5 14. Be3 b6 15. Qe2 Ng4 16. Rae1 gxf5 17. exf5 Bxf5 18. h3 Ng3 19. Qc4 Nxe3 20. Rxe3 Nxf1 21. Kxf1 Qg3 22. Qh4 Qd6 23. Ng5 Rae8 24. Ne4 Bxe4 25. Bxe4 f5 0-1

[Event "Barcelona Vila Gracia op 10th"]
[Site "Barcelona"]
[Date "2016.11.04"]
[Round "6.2"]
[White "Capellades Subirana, Marc"]
[Black "Gallart Zafra, Jaume"]
[Result "1/2-1/2"]
[WhiteElo "2225"]
[BlackElo "2125"]
[PlyCount "21"]
[EventDate "2016.09.30"]
[EventType "swiss"]
[EventRounds "9"]
[EventCountry "ESP"]
[SourceTitle "EXT 2024"]
[Source "ChessBase"]
[SourceDate "2023.10.10"]
[SourceVersion "1"]
[SourceVersionDate "2023.10.10"]
[SourceQuality "1"]

1. e4 c5 2. Nf3 Nc6 3. d4 cxd4 4. Nxd4 g6 5. Nc3 Bg7 6. Be3 Nf6 7. Be2 0-0 8. 0-0 d5 9. Bf3 Nxe4 10. Nxc6 Nxc3 11. Nxd8 1/2-1/2

[Event "Montcada op-A 24th"]
[Site "Montcada"]
[Date "2016.06.25"]
[Round "1"]
[White "Narciso Dublan, Marc"]
[Black "Gallart Zafra, Jaume"]
[Result "1-0"]
[WhiteElo "2520"]
[BlackElo "2160"]
[PlyCount "67"]
[EventDate "2016.06.25"]
[EventType "swiss"]
[EventRounds "9"]
[EventCountry "ESP"]
[EventCategory "8"]
[SourceTitle "CBM 173 Extra"]
[Source "ChessBase"]
[SourceDate "2016.08.29"]
[SourceVersion "1"]
[SourceVersionDate "2016.08.29"]
[SourceQuality "1"]

1. d4 Nf6 2. c4 c5 3. d5 e6 4. Nc3 exd5 5. cxd5 d6 6. e4 g6 7. Nge2 Bg7 8. Ng3 0-0 9. Be2 Re8 10. 0-0 h5 11. Bg5 a6 12. a4 Qc7 13. Qd2 Nbd7 14. Rfc1 Ne5 15. b4 Neg4 16. h3 h4 17. Bxh4 Nxf2 18. Bf3 cxb4 19. Nd1 Nxh3+ 20. gxh3 Qb6+ 21. Kg2 a5 22. Ne3 Nd7 23. Nc4 Qa6 24. Be2 Nc5 25. Qf4 Nxe4 26. Nxe4 Bf5 27. Ng3 Rxe2+ 28. Nxe2 Rc8 29. Ng3 Bxa1 30. Nxf5 gxf5 31. Rxa1 Qxc4 32. Qg5+ Kh8 33. Qh6+ Kg8 34. Rg1 1-0

[Event "Catalunya-chT Gp2 final"]
[Site "Barcelona"]
[Date "2016.04.16"]
[Round "4.1"]
[White "Gomez Jurado, Luis Alberto"]
[Black "Gallart Zafra, Jaume"]
[Result "1/2-1/2"]
[WhiteElo "2175"]
[BlackElo "2186"]
[PlyCount "33"]
[EventDate "2016.03.12"]
[EventType "team-tourn"]
[EventRounds "4"]
[EventCountry "ESP"]
[SourceTitle "EXT 2017"]
[Source "ChessBase"]
[SourceDate "2016.10.25"]
[SourceVersion "1"]
[SourceVersionDate "2016.10.25"]
[SourceQuality "1"]
[WhiteTeam "Sant Josep de Badalona"]
[BlackTeam "Tres Peons"]
[WhiteTeamCountry "ESP"]
[BlackTeamCountry "ESP"]

1. c4 Nf6 2. g3 e6 3. Bg2 d5 4. Nf3 Be7 5. 0-0 0-0 6. b3 c5 7. Bb2 Nc6 8. e3 Qb6 9. cxd5 exd5 10. d4 c4 11. Ne5 Be6 12. Nd2 Rac8 13. Rc1 Rfd8 14. h3 Nxe5 15. dxe5 Ne4 16. Bd4 Bc5 17. Nf3 1/2-1/2

[Event "Barcelona Vila de Gracia op 9th"]
[Site "Barcelona"]
[Date "2015.11.13"]
[Round "7"]
[White "Gallart Zafra, Jaume"]
[Black "Munoz Pantoja, Miguel Angel"]
[Result "1-0"]
[WhiteElo "2301"]
[BlackElo "2498"]
[PlyCount "75"]
[EventDate "2015.10.02"]
[EventType "swiss"]
[EventRounds "9"]
[EventCountry "ESP"]
[SourceTitle "CBM 169 Extra"]
[Source "ChessBase"]
[SourceDate "2015.12.18"]
[SourceVersion "1"]
[SourceVersionDate "2015.12.18"]
[SourceQuality "1"]

1. e4 d5 2. exd5 Qxd5 3. Nc3 Qa5 4. d4 Nf6 5. Bc4 Nc6 6. d5 Nb4 7. a3 Bf5 8. axb4 Qxa1 9. Nge2 e5 10. dxe6 fxe6 11. Nb5 Rd8 12. Ned4 Bxb4+ 13. c3 Rxd4 14. Nxd4 Bxc3+ 15. Ke2 Bxb2 16. Nxf5 exf5 17. Qc2 Bxc1 18. Rxc1 Qe5+ 19. Kf1 Kf8 20. Qd2 Qd6 21. Qg5 Qxh2 22. Rd1 Qe5 23. Rd8+ Ne8 24. Rd7 Qa1+ 25. Ke2 Qb2+ 26. Kd1 Qb1+ 27. Ke2 Qc2+ 28. Ke1 Qb1+ 29. Ke2 Qb2+ 30. Kd1 Qf6 31. Qe3 b6 32. Qa3+ Nd6 33. Rxc7 Ke8 34. Qa4+ b5 35. Bxb5+ Kf8 36. Qxa7 Nf7 37. Rc8+ Nd8 38. Qd7 1-0

[Event "Catalunya-chT Gp1"]
[Site "Barcelona"]
[Date "2015.01.24"]
[Round "1.4"]
[White "Garcia Ramos, Daniel"]
[Black "Gallart Zafra, Jaume"]
[Result "1/2-1/2"]
[WhiteElo "2194"]
[BlackElo "2231"]
[PlyCount "112"]
[EventDate "2015.01.24"]
[EventType "team-tourn"]
[EventRounds "7"]
[EventCountry "ESP"]
[SourceTitle "CBM 164 Extra"]
[Source "ChessBase"]
[SourceDate "2015.03.02"]
[SourceVersion "1"]
[SourceVersionDate "2015.03.02"]
[SourceQuality "1"]
[WhiteTeam "Peona I Peo"]
[BlackTeam "Tres Peons"]
[WhiteTeamCountry "ESP"]
[BlackTeamCountry "ESP"]

1. e4 c5 2. Nc3 Nc6 3. g3 g6 4. Bg2 Bg7 5. d3 d6 6. f4 Nd4 7. Nf3 Bg4 8. h3 Bxf3 9. Bxf3 e6 10. 0-0 Ne7 11. Bg2 0-0 12. Ne2 Qc7 13. c3 Nxe2+ 14. Qxe2 Rab8 15. Be3 d5 16. Rac1 Rbd8 17. Bf2 Rfe8 18. e5 Bh6 19. Qf3 c4 20. d4 b5 21. g4 Rb8 22. Be3 Qd7 23. h4 b4 24. Bh3 bxc3 25. bxc3 Nc6 26. f5 Bg7 27. Rb1 Rxb1 28. Rxb1 Rb8 29. Qd1 Qc8 30. fxe6 fxe6 31. g5 Kf7 32. h5 Ne7 33. Qf3+ Nf5 34. Bxf5 gxf5 35. Qd1 Rb7 36. h6 Bf8 37. Qh5+ Ke7 38. Rxb7+ Qxb7 39. g6 Qb1+ 40. Kf2 f4 41. Qg5+ Ke8 42. Bxf4 Qc2+ 43. Bd2 hxg6 44. Ke1 Qe4+ 45. Kf2 Be7 46. h7 Bxg5 47. h8Q+ Kd7 48. Bxg5 Qf5+ 49. Ke2 Qg4+ 50. Kf2 Qxg5 51. Qg7+ Kc6 52. Qxa7 Qd2+ 53. Kf1 Qd3+ 54. Kf2 Qd2+ 55. Kf1 Qc1+ 56. Ke2 Qc2+ 1/2-1/2